Quiz o judaizmie - Statystyki

Ogólne statystyki
  • Ten quiz został rozwiązany 1 116 razy
    1 098 od ostatniego zresetowania
  • Średni wynik to 9 z 22
Statystyki odpowiedzi
Wskazówka Odpowiedź % Poprawnych
Wyprowadził Żydów z Egiptu Mojżesz
96%
Człowiek, który zawarł przymierze z Bogiem Abraham
85%
Skrzynia na tablice dekalogu, obecna lokalizacja nieznana {Arka} Przymierza
83%
Centralny tekst religijny; ma pięć ksiąg Tora
80%
Syn powyższego, którego Bóg pierwotnie zażądał jako ofiary Izaak
71%
Język judaizmu Hebrajski
68%
Król, który zbudował pierwszą świątynię Salomon
63%
Syn powyższego; Przodek wszystkich Żydów Jakub
58%
Pokarm, który wolno spożywać, nazywa się... Koszer
51%
Święto zwane także Świętem Wiosny lub Wolności Pascha
45%
Brat wyżej wymienionego; Pierwszy arcykapłan Aaron
35%
Chleb przaśny spożywany w to święto Maca
29%
Ceremonia osiągnięcia pełnoletniości przez chłopców Bar Micwa
28%
Dzień pojednania Jom Kippur
21%
Dwie główne grupy etniczne Żydów Aszkenazyjczycy
15%
Żydowski sposób mówienia „gratulacje” Mazel Tov
14%
Podczas tej uczty kielich jest zarezerwowany dla tego proroka Eliasz
13%
Dwie główne grupy etniczne Żydów Sefardyjczycy
13%
Śpiewak, który prowadzi zgromadzenie w modlitwie Kantor
10%
Żydowski Nowy Rok Rosz Haszana
10%
Pierwszy wieczór powyższego Seder
6%
Termin oznaczający bezpośredniego potomka w linii męskiej powyższego Kohen
5%
Nie znaleziono quizów pasujących do podanych kryteriów
Rozkład punktacji
Procent ludzi z każdym wynikiem
Percentyl według liczby udzielonych odpowiedzi
Twoja historia wyników
Nie rozwiązałeś tego quizu od ostatniego zresetowania